<?xml version="1.0" encoding="UTF-8"?><?xml-stylesheet type="text/xsl" href="static/style.xsl"?><OAI-PMH xmlns="http://www.openarchives.org/OAI/2.0/" xmlns:xsi="http://www.w3.org/2001/XMLSchema-instance" xsi:schemaLocation="http://www.openarchives.org/OAI/2.0/ http://www.openarchives.org/OAI/2.0/OAI-PMH.xsd"><responseDate>2026-04-13T04:51:10Z</responseDate><request verb="GetRecord" identifier="oai:www.recercat.cat:2117/384981" metadataPrefix="marc">https://recercat.cat/oai/request</request><GetRecord><record><header><identifier>oai:recercat.cat:2117/384981</identifier><datestamp>2025-07-23T04:25:57Z</datestamp><setSpec>com_2072_1033</setSpec><setSpec>col_2072_452951</setSpec></header><metadata><record xmlns="http://www.loc.gov/MARC21/slim" xmlns:dcterms="http://purl.org/dc/terms/" xmlns:xsi="http://www.w3.org/2001/XMLSchema-instance" xmlns:doc="http://www.lyncode.com/xoai" xsi:schemaLocation="http://www.loc.gov/MARC21/slim http://www.loc.gov/standards/marcxml/schema/MARC21slim.xsd">
   <leader>00925njm 22002777a 4500</leader>
   <datafield ind2=" " ind1=" " tag="042">
      <subfield code="a">dc</subfield>
   </datafield>
   <datafield ind2=" " ind1=" " tag="720">
      <subfield code="a">Murcia i Artero, Francesc</subfield>
      <subfield code="e">author</subfield>
   </datafield>
   <datafield ind2=" " ind1=" " tag="260">
      <subfield code="c">2023-02-01</subfield>
   </datafield>
   <datafield ind2=" " ind1=" " tag="520">
      <subfield code="a">El present treball es basa en l’estudi i l’anàlisi mitjançant Ansys d’una llanta de 20 polzades destinada a ser muntada en un cotxe.&#xd;
L’objectiu del treball és sotmetre a la llanta a les diferents càrregues a les que es veurà exigida pels diferents casos d’estudi considerats, efectuar les pertinents proves de fatiga segons normativa i veure que aquesta supera les simulacions realitzades per als materials seleccionats.&#xd;
Primerament, es fa una breu introducció sobre l’evolució històrica dels materials utilitzats en llantes i pneumàtics, les tendències futures i es plantegen els materials candidats per a l’anàlisi de la llanta. A continuació, es descriu el mètode dels elements finits i el programa utilitzat, Ansys. S’escull el vehicle model per al càlcul de les forces a les que es veurà sotmesa la llanta i es procedeix al càlcul d’aquestes.&#xd;
Amb les forces calculades, s’importa la llanta a Ansys, es defineixen i s’apliquen les càrregues, es defineixen els materials considerats prèviament i es realitzen les diferents simulacions pels diferents casos d’estudi. Amb les simulacions fetes, es decideixen aquells dos millors materials per a la llanta segons uns criteris definits amb anterioritat. Amb els dos materials decidits, es fan les simulacions de fatiga segons normativa.&#xd;
Finalment, es realitza un anàlisi topològic per tal de redissenyar la llanta i que aquesta millori els resultats obtinguts en les simulacions i es sotmet a la llanta redissenyada a les simulacions pertinents.</subfield>
   </datafield>
   <datafield ind2=" " ind1=" " tag="520">
      <subfield code="a">El presente trabajo se basa en el estudio y el análisis mediante Ansys de una llanta de 20 pulgadas destinada a ser montada en un coche.&#xd;
El objetivo del trabajo es someter a la llanta a las diferentes cargas a las que se verá exigida para los diferentes casos de estudio considerados, efectuar las pertinentes pruebas de fatiga según normativa y ver que esta supera las simulaciones realizadas para los materiales seleccionados.&#xd;
Primeramente, se hace una breve introducción sobre la evolución histórica de los materiales utilizados en llantas y neumáticos, las tendencias futuras y se plantean los materiales candidatos para el análisis de la llanta. A continuación, se describe el método de los elementos finitos y el programa usado, Ansys. Se escoge el vehículo modelo para el cálculo de las fuerzas a las que se verá sometida la llanta y se procede al cálculo de estas.&#xd;
Con las fuerzas calculadas, se importa la llanta a Ansys, se definen y se aplican las cargas, se definen los materiales considerados previamente y se realizan las diferentes simulaciones para los diferentes casos de estudio. Con las simulaciones hechas, se deciden aquellos dos mejores materiales para la llanta según unos criterios definidos con anterioridad. Con los dos materiales decididos, se hacen las simulaciones de fatiga según normativa.&#xd;
Finalmente, se realiza un análisis topológico con tal de rediseñar la llanta y que esta mejore los resultados obtenidos en las simulaciones y se somete a la llanta rediseñada a las simulaciones pertinentes.</subfield>
   </datafield>
   <datafield ind2=" " ind1=" " tag="520">
      <subfield code="a">The present work is based on the study and analysis using Ansys of a 20-inch car rim.&#xd;
The aim of the work is to subject the rim to the different loads for the different study cases considered, perform the fatigue tests according to the regulations and to see if the rim passes all the simulations performed for the selected materials.&#xd;
First of all, a brief introduction about the historical evolution and the future trends of the materials used in rims and tires is shown, and the candidate materials for the analysis of the rim are proposed. Next, the finite element method and the software used, Ansys, are described. The model vehicle for the calculation of the loads to which the rim will be subjected is chosen, and the calculation of all these loads proceeds.&#xd;
With all these loads calculated, the rim is imported into Ansys, the loads are defined and applied, the previous materials considered are defined and the different simulations for the different study cases are performed. With the simulations done, the best two materials for the rim are decided according to different criteria defined previously. With the two materials chosen, the fatigue simulations are performed according to regulations.&#xd;
Finally, a topological analysis is performed in order to redesign the rim and improve the results obtained in the simulations and the redesigned rim is subjected to the different simulations.</subfield>
   </datafield>
   <datafield tag="653" ind2=" " ind1=" ">
      <subfield code="a">Àrees temàtiques de la UPC::Enginyeria mecànica</subfield>
   </datafield>
   <datafield tag="653" ind2=" " ind1=" ">
      <subfield code="a">Automobiles--Pneumatic equipment</subfield>
   </datafield>
   <datafield tag="653" ind2=" " ind1=" ">
      <subfield code="a">Llanta</subfield>
   </datafield>
   <datafield tag="653" ind2=" " ind1=" ">
      <subfield code="a">Alumini</subfield>
   </datafield>
   <datafield tag="653" ind2=" " ind1=" ">
      <subfield code="a">Magnesi</subfield>
   </datafield>
   <datafield tag="653" ind2=" " ind1=" ">
      <subfield code="a">MEF</subfield>
   </datafield>
   <datafield tag="653" ind2=" " ind1=" ">
      <subfield code="a">Elements finits</subfield>
   </datafield>
   <datafield tag="653" ind2=" " ind1=" ">
      <subfield code="a">Ansys</subfield>
   </datafield>
   <datafield tag="653" ind2=" " ind1=" ">
      <subfield code="a">FEA</subfield>
   </datafield>
   <datafield tag="653" ind2=" " ind1=" ">
      <subfield code="a">Fatiga</subfield>
   </datafield>
   <datafield tag="653" ind2=" " ind1=" ">
      <subfield code="a">Tensions</subfield>
   </datafield>
   <datafield tag="653" ind2=" " ind1=" ">
      <subfield code="a">Deformacions</subfield>
   </datafield>
   <datafield tag="653" ind2=" " ind1=" ">
      <subfield code="a">von Mises</subfield>
   </datafield>
   <datafield tag="653" ind2=" " ind1=" ">
      <subfield code="a">Automòbils -- Pneumàtics</subfield>
   </datafield>
   <datafield ind2="0" ind1="0" tag="245">
      <subfield code="a">Anàlisi del comportament dinàmic del conjunt llanta i pneumàtic</subfield>
   </datafield>
</record></metadata></record></GetRecord></OAI-PMH>